Greatest Short Stories / (Record no. 30093)

000 -LEADER
fixed length control field 00426nam a2200157Ia 4500
003 - CONTROL NUMBER IDENTIFIER
control field OSt
005 - DATE AND TIME OF LATEST TRANSACTION
control field 20260106122151.0
008 - FIXED-LENGTH DATA ELEMENTS--GENERAL INFORMATION
fixed length control field 250310s9999||||xx |||||||||||||| ||und||
040 ## - CATALOGING SOURCE
Transcribing agency IMU-KC
245 #0 - TITLE STATEMENT
Title Greatest Short Stories /
260 ## - PUBLICATION, DISTRIBUTION, ETC.
Place of publication, distribution, etc. New York :
Name of publisher, distributor, etc. P.F. Collier & Son Corporation,
Date of publication, distribution, etc. c 1915.
300 ## - PHYSICAL DESCRIPTION
Extent 383 p.
650 #0 - SUBJECT ADDED ENTRY--TOPICAL TERM
9 (RLIN) 4805
Topical term or geographic name entry element Short Stories
710 ## - ADDED ENTRY--CORPORATE NAME
9 (RLIN) 6432
Corporate name or jurisdiction name as entry element P.F. Collier & Son Corporation
942 ## - ADDED ENTRY ELEMENTS (KOHA)
Koha item type Books
Source of classification or shelving scheme
Holdings
Withdrawn status Lost status Source of classification or shelving scheme Damaged status Not for loan Permanent Location Current Location Date acquired Barcode Date last seen Price effective from Koha item type
          IMU Kolkata IMU Kolkata 2025-03-10 F00953 2025-03-10 2025-03-10 Books
Designed and Maintained by IMU-KC Library, Kolkata Campus © Copyright All Rights Reserved

webs counters

Powered by Koha